Minecraft Desert Pyramid Loot - Statistics

General Stats
  • This quiz has been taken 24 times
  • The average score is 14 of 18
Answer Stats
Answer % Correct
Diamond
100%
Bone
89%
String
89%
Gold Ingot
84%
Gunpowder
84%
Iron Ingot
84%
Rotten Flesh
84%
Diamond Horse Armor
74%
Enchanted Book
74%
Enchanted Golden Apple
74%
Golden Apple
74%
Iron Horse Armor
74%
Sand
74%
Spider Eye
74%
Emerald
68%
Golden Horse Armor
63%
Leather
53%
Dune Armor Trim Smithing Template
47%
No matching quizzes found
Score Distribution
Percent of People with Each Score
Percentile by Number Answered
Your Score History
You have not taken this quiz